Riconosci il Pokémon - Quiz n°21 - Statistics

Statistiche generali
  • Questo quiz è stato fatto 18 volte
  • Il punteggio medio è 7 su 10
Statistiche sulle risposte
Indizio Risposta % Corretto
Generazione Ottava
100%
Tipo Roccia
94%
Stadio evoluzione Non si evolve
82%
Abilità Fonte Energitica
76%
Sesso 50% ♂, 50% ♀
65%
Peso 520,0 kg
65%
Tasso di cattura 60 (14.8%)
65%
Altezza 2,5 m
65%
Tasso di allevamento Lento
59%
Pokémon Stonjourner
41%
Nessun quiz corrispondente trovato
Distribuzione punteggi
Percentuale di utenti per punteggio
Percentile per numero di risposta
I tuoi punteggi nel tempo
Non hai fatto questo quiz